Examination Paediatrics : (Record no. 1657)

MARC details
000 -LEADER
fixed length control field 00614nam a22002057a 4500
003 - CONTROL NUMBER IDENTIFIER
control field OSt
005 - DATE AND TIME OF LATEST TRANSACTION
control field 20150429155711.0
008 - FIXED-LENGTH DATA ELEMENTS--GENERAL INFORMATION
fixed length control field 150429b xxu||||| |||| 00| 0 eng d
020 ## - INTERNATIONAL STANDARD BOOK NUMBER
International Standard Book Number 9780729537728
040 ## - CATALOGING SOURCE
Transcribing agency DNLM
082 ## - DEWEY DECIMAL CLASSIFICATION NUMBER
Classification number WS 100 H24e 2006
100 ## - MAIN ENTRY--PERSONAL NAME
Personal name Harris Wayne
9 (RLIN) 4380
245 ## - TITLE STATEMENT
Title Examination Paediatrics :
Remainder of title A guide to Paediatric training /
Statement of responsibility, etc. Harris Wayne
250 ## - EDITION STATEMENT
Edition statement 3rd ed.
260 ## - PUBLICATION, DISTRIBUTION, ETC. (IMPRINT)
Place of publication, distribution, etc. Sydney:
Name of publisher, distributor, etc. Churchill Livingstone Elsevier ;
Date of publication, distribution, etc. 2006.
300 ## - PHYSICAL DESCRIPTION
Extent xii, 500 p :
Other physical details ill ;
Dimensions 27 cm.
504 ## - BIBLIOGRAPHY, ETC. NOTE
Bibliography, etc Includes bibliographical references and index
650 ## - SUBJECT ADDED ENTRY--TOPICAL TERM
Topical term or geographic name as entry element Paediatrics
9 (RLIN) 3350
942 ## - ADDED ENTRY ELEMENTS (KOHA)
Source of classification or shelving scheme Other/Generic Classification Scheme
Koha item type Short Loan
Holdings
Withdrawn status Lost status Source of classification or shelving scheme Damaged status Not for loan Home library Current library Date acquired Source of acquisition Inventory number Total Checkouts Full call number Barcode Date last seen Price effective from Koha item type
    Other/Generic Classification Scheme     MUST Main Library MUST Main Library 29/04/2015   2009/31386   WS 100 H24e 2006 2015-1256 29/04/2015 29/04/2015 Short Loan
    Other/Generic Classification Scheme     MUST Main Library MUST Main Library 29/04/2015   2010/32693   WS 100 H24e 2006 2015-1270 29/04/2015 29/04/2015 Short Loan
    Other/Generic Classification Scheme     MUST Main Library MUST Main Library 29/04/2015   2010/32692   WS 100 H24e 2006 2015-1271 29/04/2015 29/04/2015 Short Loan